ONUSAL: XIII informe de derechos humanos (tercera parte)
Guardat en:
| Format: | Text |
|---|---|
| Matèries: | |
| Etiquetes: |
Afegir etiqueta
Sense etiquetes, Sigues el primer a etiquetar aquest registre!
|
MARC
| LEADER | 00000 a a2200000 04500 | ||
|---|---|---|---|
| 001 | 5956 | ||
| 003 | |||
| 040 | |||
| 245 | |a ONUSAL: |b XIII informe de derechos humanos (tercera parte) | ||
| 650 | |a DERECHOS HUMANOS | ||
| 650 | |a ONU | ||
| 650 | |a INFORMES | ||
| 650 | |a PLANES DE PAZ | ||
| 650 | |a VIOLENCIA | ||
| 650 | |a PROBLEMAS SOCIALES | ||
| 773 | |g volumen 15, número 660; páginas 13-15 | ||
| 999 | |c 22661 |d 22661 | ||
